| 000 | 00347nam a2200145 i 4500 | ||
|---|---|---|---|
| 001 | bg | ||
| 100 | 1 | _aNAUMOW, Ju. W. | |
| 245 | 0 |
_aIzospin w jadernoj fizike / _cJu.W. Naumow, O.E. Kraft. |
|
| 260 |
_aLeningrad, _c1972. |
||
| 700 | 1 | _aKRAFT, O. E. | |
| 040 | _cBPK | ||
| 041 | _apol | ||
| 942 | _cKS | ||
| 008 | s pl f |000 0 pol | ||
| 999 |
_c15281 _d15281 |
||
| 856 |
_uhttp://koha.tu.koszalin.pl/cgi-bin/koha/opac-detail.pl?biblionumber=15281 _yKatalog online BPK |
||